Vacaciones peligrosas / (Registro nro. 3538)

Detalles MARC
000 -LEADER
fixed length control field 01006nam a2200253Ia 4500
003 - CONTROL NUMBER IDENTIFIER
control field OSt
005 - DATE AND TIME OF LATEST TRANSACTION
control field 20250711140927.0
008 - FIXED-LENGTH DATA ELEMENTS--GENERAL INFORMATION
fixed length control field 191128s2010 sp a br 000 f spa d
020 ## - INTERNATIONAL STANDARD BOOK NUMBER
International Standard Book Number 9788466716420
040 ## - CATALOGING SOURCE
Original cataloging agency CO-JMCR
Transcribing agency CO-JMCR
041 ## - LANGUAGE CODE
Language code of text/sound track or separate title spa
082 04 - DEWEY DECIMAL CLASSIFICATION NUMBER
Classification number N
Item number ALOv
100 1# - MAIN ENTRY--PERSONAL NAME
Personal name Alonso, Manuel L.
Relator term autor
9 (RLIN) 6303
245 10 - TITLE STATEMENT
Title Vacaciones peligrosas /
Statement of responsibility, etc. Manuel L. Alonso ; ilustrador Francisco Solé
250 ## - EDITION STATEMENT
Edition statement Sexta edición
260 ## - PUBLICATION, DISTRIBUTION, ETC.
Place of publication, distribution, etc. España :
Name of publisher, distributor, etc. Anaya,
Date of publication, distribution, etc. 2010
300 ## - PHYSICAL DESCRIPTION
Extent 118 páginas :
Other physical details ilustraciones ;
Dimensions 19 cm.
490 0# - SERIES STATEMENT
Series statement El duende verde
500 ## - GENERAL NOTE
General note Recomendado para niños a partir de 12 años.
520 ## - SUMMARY, ETC.
Summary, etc. Leo viaja al encuentro de su padre para pasar con él unas cortas vacaciones. No sospecha que en su destino le aguardan inesperados enigmas: la propia actitud de su padre, un perseguidor de oscuras intenciones, un cuarto cerrado que esconde un misterio… En
650 14 - SUBJECT ADDED ENTRY--TOPICAL TERM
Topical term or geographic name entry element Novela infantil
9 (RLIN) 1227
700 ## - ADDED ENTRY--PERSONAL NAME
Personal name Solé, Francisco,
Relator term ilustrador
9 (RLIN) 6304
942 ## - ADDED ENTRY ELEMENTS (KOHA)
Source of classification or shelving scheme Dewey Decimal Classification
Koha item type Books
Existencias
Withdrawn status Lost status Source of classification or shelving scheme Damaged status Not for loan Collection code Home library Current library Date acquired Source of acquisition Cost, normal purchase price Total Checkouts Total Renewals Full call number Barcode Date last seen Date last checked out Copy number Koha item type
    Dewey Decimal Classification     Fiction Biblioteca Pública José María del Castillo y Rada Biblioteca Pública José María del Castillo y Rada 11/28/2019 Donación 0.00 4 1 N ALOv 201807400 03/31/2026 03/31/2026 Ej.1 Books